| 000 | 00382nam a22001457a 4500 | ||
|---|---|---|---|
| 003 | MACL | ||
| 005 | 20200131164615.0 | ||
| 008 | 200131b xxu||||| |||| 00| 0 eng d | ||
| 040 | _cMACL | ||
| 100 |
_aJatoo, Sushma & Sudhir Lall _977995 |
||
| 245 | _aBhand Pather : The Folk Theatre of Kashmir | ||
| 260 |
_aDelhi _bB. R. Pub _c2016 |
||
| 650 |
_aTheatre _922957 |
||
| 942 |
_2ddc _cBK |
||
| 999 |
_c61921 _d61921 |
||